000 00589nam a2200181 i 4500
001 54952
003 ES-MaACL
005 20251123063303.0
007 t|
008 040202s1877 sp ||||1| spa d
100 1 _aEscalante, Amós de,
_d1831-1902
_947461
245 1 0 _aAve, Maris Stella
_b: historia montañesa del siglo XVII /
_cpor Juan García.
260 _aMadrid :
_bM. Tello,
_c1877.
300 _a476 p. ;
_c18 cm.
500 _aJuan García es seudónimo de Amós de Escalante.
852 _aES-MaACL
_jG-8679
_q. - Ded. autógr. del autor
999 _c54952
_d54952